La prosa retorica de Fray Luis de Leon en "Los nombres de Cristo" : aportacion al estudio de un estilista del Renacimiento espanol /

Bibliographic Details
Main Author: Goode, Helen Dill, 1913-
Format: Book
Language:Spanish
Published: Madrid : Editorial Gredos, 1969.
Series:Biblioteca romanica hispanica. 2. Estudios y ensayos ; 125
Subjects:

MARC

Tag First Indicator Second Indicator Subfields
LEADER 00000cam a2200000 a 4500
001 in00000090771
005 20150923131120.0
008 720606s1969 sp d b 00010 spa d
035 |a (OCoLC)00325445 
035 |9 AAK6611AM 
040 |a OUN  |c OUN  |d m.c.  |d TXA  |d UtOrBLW 
049 |a TXAM  |c [1806056] 
090 |a PQ6410 L3  |b G6 
100 1 |a Goode, Helen Dill,  |d 1913- 
245 1 3 |a La prosa retorica de Fray Luis de Leon en "Los nombres de Cristo" :  |b aportacion al estudio de un estilista del Renacimiento espanol /  |c Helen Dill Goode ; [version espanola de Jose Guillen]. 
264 1 |a Madrid :  |b Editorial Gredos,  |c 1969. 
300 |a 185 pages :  |b charts ;  |c 21 cm. 
336 |a text  |b txt  |2 rdacontent 
337 |a unmediated  |b n  |2 rdamedia 
338 |a volume  |b nc  |2 rdacarrier 
490 0 |a Biblioteca romanica hispanica. 2. Estudios y ensayos ;  |v 125 
504 |a Bibliography: pages [179]-181. 
600 1 0 |a León, Luis de,  |d 1527-1591.  |t De los nombres de Cristo. 
999 |a MARS 
999 f f |s 85606f92-96b1-38be-8c14-14a3a8d166c4  |i 779a032b-ad4b-3be9-8eec-0dfefb7a7e46  |t 0 
952 f f |p normal  |a Texas A&M University  |b College Station  |c Sterling C. Evans Library  |d Evans: Library Stacks  |t 0  |e PQ6410 L3 G6  |h Library of Congress classification  |i unmediated -- volume  |m A14805991180 
998 f f |a PQ6410 L3 G6  |t 0  |l Evans: Library Stacks